000 00723nam a2200229Ia 4500
003 GCL
008 140319s9999 xx 000 0 ara d
040 _aGCL /
_cGCL
082 0 4 _a001.5
_bخ و
100 1 _aخليل صابات
245 1 0 _aوسائل الاتصال: نشاتها وتطورها /
_cخليل صابات
260 _a[S.N] :
_bمكتبة الانجلوالمصرية ،
_c1991
300 _a528 ص
490 _a
650 0 4 _aالراديو
650 0 4 _aالاتصالات
650 0 4 _aالاتصالات السلكية واللاسلكية
650 0 4 _aوسائل الاعلام
650 0 4 _aالوسائل السمعية والبصرية
650 0 4 _aالكتاب
942 _2ddc
_cBK
999 _c33027
_d33027